| 000 | 00422nam a2200169 a 4500 | ||
|---|---|---|---|
| 001 | 6702 | ||
| 003 | CO-ViMGA | ||
| 008 | 141112s2004 ck r 000 u spa d | ||
| 040 |
_aCO-ViMGA _bspa _cCO-ViMGA |
||
| 082 | 0 | 4 | _a895.6 E526 |
| 100 | 1 |
_aEndo, Shusaku _95609 |
|
| 245 | 1 | 0 | _aEl samurai |
| 260 |
_aSantafé de Bogotá : _bSudAméricana, _c1995 |
||
| 300 | _a295 p | ||
| 650 | 1 | 4 |
_aNOVELA JAPONESA _95610 |
| 942 |
_2ddc _cBK |
||
| 999 |
_c18671 _d18671 |
||